TOP 5 aéroport par Pays - Statistiques

Statistiques générales
  • Ce quiz a été pris 47 fois
  • Le résultat moyen est 5 sur 40
Statistiques - réponses
Rang Passagers Aéroport % Correct
1 106,3 Atlanta
83%
5 73,7 Los Angeles
66%
1 72,0 Paris Charles de Gaulle
39%
4 82,4 Denver
34%
2 34,1 Paris Orly
29%
1 63,1 Francfort
22%
2 40,1 Munich
22%
1 84,4 Londres Heathrow
20%
4 29,1 Manchester
20%
3 15,2 Nice cote d'azur
20%
2 43,2 Londres Gatwick
17%
4 10,9 Lyon Saint Exupéry
17%
5 14,9 Hambourg
15%
2 85,6 Dallas Fort Worth
12%
5 16,7 Londres Luton
12%
2 26,2 Vancouver
12%
4 20,4 Dusseldorf
10%
5 10,7 Marseille Provence
10%
4 19,1 Calgary
7%
3 84,8 Chicago O'Hare
7%
5 8,3 Edmonton
7%
3 29,8 Londres Stansted
7%
2 28,4 Milan Malpensa
7%
1 84,9 Shanghai Pudong
7%
5 16,8 Alicante
5%
4 24,1 Malaga
5%
3 22,4 Montréal Trudeau
5%
4 12,9 Naples
5%
3 32,9 Palma De Majorque
5%
1 47,5 Toronto Pearson
5%
2 52,1 Barcelone El Prat
2%
3 24,5 Berlin Brandebourg
2%
1 68,1 Madrid Barajas
2%
3 70,7 Pekin Capital
2%
1 42,1 Rome Fiumicino
2%
4 66,4 Shenzen
2%
2 83,5 Guangzhou Baiyun
0%
3 17,1 Milan Bergame
0%
5 58,2 Pekin Daxing
0%
5 11,8 Venise Marco Polo
0%
Aucun quiz correspondant
Distribution des résultats
% des personnes avec chaque résultat
Percentile par nombre de réponses
Votre historique - résultats
Vous n’avez pas pris ce quiz